Catalog

Record Details

Catalog Search



Available copies

  • 1 of 1 copy available at LARL/NWRL Consortium. (Show)
  • 1 of 1 copy available at Northwest Regional Library.

Current holds

0 current holds with 1 total copy.

Show Only Available Copies
Location Call Number / Copy Notes Barcode Shelving Location Status Due Date
Red Lake Falls Public Library pb COX (Text) 35500002578548 Main Available -

Record details

  • ISBN: 0671019228
  • Physical Description: 272 p. ; 18 cm.
  • Publisher: New York : Pocket Books, c1998.
Subject: Picard, Jean-Luc (Fictitious character) > Fiction.
Genre: Science fiction.
Star trek fiction.
LDR 01052nam a2200301Ia 4500
00124770
003LARL_NWRL_CONSORTIUM
00519981216105140.0
008980820s1998 nyu 000 1 eng d
020 . ‡a0671019228
02410. ‡a7671400650 ‡d01921
035 . ‡a(OCoLC)39726678
090 . ‡aPS3553.O935 ‡bQ2 1998x
099 . ‡aCox
1001 . ‡aCox, Greg, ‡d1959- ‡0(LARL_NWRL_CONSORTIUM)96683
24510. ‡aQ-strike / ‡cGreg Cox.
2463 . ‡aQ strike
260 . ‡aNew York : ‡bPocket Books, ‡cc1998.
300 . ‡a272 p. ; ‡c18 cm.
4900 . ‡aContinuum ; ‡vbk. 3 of 3
4900 . ‡aStar trek, next generation ; ‡v49
650 0. ‡aPicard, Jean-Luc (Fictitious character) ‡vFiction. ‡0(LARL_NWRL_CONSORTIUM)174101
655 7. ‡aScience fiction. ‡2gsafd
655 7. ‡aStar trek fiction. ‡2gsafd
901 . ‡a24770 ‡bOCLC ‡c24770 ‡tbiblio

Additional Resources